000 01165cam a2200325 i 4500
001 20755186
005 20240812153944.0
006 m |o d |
007 cr_|||||||||||
008 181126t20192019nju o 001 0 eng
010 _a 2018056367
020 _a9781119438458 (Adobe PDF)
020 _a9781119438441 (ePub)
020 _z9781119438403
040 _aDLC
_beng
_erda
_cDLC
_dDLC
042 _apcc
050 0 0 _aGN 502 .C75 2019
082 0 0 _a155.82
_223
245 0 0 _aCross-cultural psychology :
_bcontemporary themes and perspectives /
_cedited by Kenneth D. Keith.
250 _aSecond Edition.
300 _a1 online resource.
500 _aPrevious edition: 2011.
500 _aIncludes index.
650 0 _aEthnopsychology
_vCross-cultural studies.
700 1 _aKeith, Kenneth D.
_q(Kenneth Dwight),
_d1946-
_eeditor.
776 0 8 _iPrint version:
_tCross-cultural psychology
_bSecond Edition.
_dHoboken, New Jersey : Wiley-Blackwell, 2019
_z9781119438403
_w(DLC) 2018055955
906 _a7
_bcbc
_corigcop
_d1
_eecip
_f20
_gy-gencatlg
942 _2lcc
_cBOOKS
_hGN 502 .C75 2019
999 _c32139
_d32139